Effect of boron on growth and yield of field-pea / (Record no. 16145)

MARC details
000 -LEADER
fixed length control field 01030nam a22002537a 4500
003 - CONTROL NUMBER IDENTIFIER
control field BD-DhSAU
005 - DATE AND TIME OF LATEST TRANSACTION
control field 20221023130930.0
008 - FIXED-LENGTH DATA ELEMENTS--GENERAL INFORMATION
fixed length control field 160418b2021 bg ad||| |||| 001 0 eng d
040 ## - CATALOGING SOURCE
Original cataloging agency BD-DhSAU
082 ## - DEWEY DECIMAL CLASSIFICATION NUMBER
Edition number 22
Classification number 630.2
Item number R73
100 ## - MAIN ENTRY--PERSONAL NAME
Personal name Roshid, Md Harun or
Relator term Registration no. # 19-10081
245 ## - TITLE STATEMENT
Title Effect of boron on growth and yield of field-pea /
Remainder of title MS thesis
Statement of responsibility, etc. Md. Harun Or Roshid
260 ## - PUBLICATION, DISTRIBUTION, ETC. (IMPRINT)
Place of publication, distribution, etc. Sher-e-Bangla Agricultural Uniersity :
Name of publisher, distributor, etc. Department of Agricultural Chemistry,
Date of publication, distribution, etc. June, 2021
300 ## - PHYSICAL DESCRIPTION
Extent viii, 62 p. :
Other physical details ill., chart ;
Dimensions 30 cm.
500 ## - GENERAL NOTE
General note MS thesis of Department of Agricultural Chemistry , Faculty of Agriculture, Sher-e-Bangla Agricultural University, Dhaka, Bangladesh
590 ## - Name of Cataloguer
Name of Cataloger kobir
650 ## - SUBJECT ADDED ENTRY--TOPICAL TERM
Topical term or geographic name as entry element Agricultural Chemistry
650 ## - SUBJECT ADDED ENTRY--TOPICAL TERM
Topical term or geographic name as entry element Boron
650 ## - SUBJECT ADDED ENTRY--TOPICAL TERM
Topical term or geographic name as entry element Field-Pea
700 ## - ADDED ENTRY--PERSONAL NAME
Personal name Khan, Md. Sirajul Islam
Relator term Superviser
700 ## - ADDED ENTRY--PERSONAL NAME
Personal name Hossain, Md. Ashraf
Relator term Co-superviser
856 ## - ELECTRONIC LOCATION AND ACCESS
Uniform Resource Identifier <a href="http://archive.saulibrary.edu.bd:8080/xmlui/handle/123456789/4212">http://archive.saulibrary.edu.bd:8080/xmlui/handle/123456789/4212</a>
942 ## - ADDED ENTRY ELEMENTS (KOHA)
Source of classification or shelving scheme Dewey Decimal Classification
Koha item type MS Level Thesis
Holdings
Withdrawn status Lost status Source of classification or shelving scheme Damaged status Not for loan Collection code Home library Branch Name Shelving location Date acquired Total Checkouts Full call number Barcode Date last seen Price effective from Koha item type
    Dewey Decimal Classification   Not For Loan Reference SAU Library SAU Library Reference 13/09/2022   630.2 R73 43745 23/10/2022 23/10/2022 MS Level Thesis